000 00337nam a22001457a 4500
008 240318b ||||| |||| 00| 0 eng d
020 _a1560320567
041 _aeng
080 _21990
_a610.73
082 _a610.73BAR
100 _a7
101 _aINFERMIERI
245 _aMEDICAL ETHICS IN PRACTICE
_cTERRY .R.BARD
942 _2udc
_cBK
999 _c60620
_d60620